000 01128nam2a2200277 4500
001 RU\NLR\bibl\993969
005 20250614222330.0
010 _a5-9691-0123-0
_93000
_bт. 6
021 _aRU
_b2006-21533
_91077
021 _aRU
_b2006-17846
_9890
035 _a(NLR Aleph) 000981749
090 _a463510
_c463510
100 _a20061009d2006 |||y0rusy50 ca
101 0 _abel
102 _aRU
_aBY
105 _ac |||||||||
200 1 _aАповесцi, раман
_f[уклад. i камент. Алеся Пашкевiча]
210 _d2006
_aБ. м.
215 _a558,[1] с., [1] л. портр.
327 1 _aСодерж.: аповесцi: Абелiск; Пайсцi i не вернуца; Раман: Кар'ер
461 0 _1001RU\NLR\bibl\900694
_12001#$aПоўны збор твораў$vТ. 6
_91707179
_aБыкаў, В. (писатель ; 1924-2003)
_cМiнск
_d2005
_fВасiль Быкаў
_nСаюз беларускiх пiсьменнiкаў
_oу 14 т.
_tПоўны збор твораў
_vТ. 6
801 0 _aRU
_bNLR
_c20061009
_grcr
801 1 _aRU
_bNLR
_c20061009
942 _cBOOK
980 _aNB